S "vďakou" zabúdané dane...

Podávanie priznaní k dani z dedičstva, z darovania a dani z prevodu a prechodu nehnuteľností. Spoločné ustanovenia a špecifiká jednotlivých daňových priznaní. Informovanosť daňových subjektov a úroveň vyplňovania daňových priznaní.

Guardado en:
Detalles Bibliográficos
Autor principal: Mäsiarová, Terézia
Formato: Capítulo de libro
Lenguaje:eslovaco
Materias:
Etiquetas: Agregar Etiqueta
Sin Etiquetas, Sea el primero en etiquetar este registro!

MARC

LEADER 00000naa a2200000 4500
001 r026793
005 20230824090139.1
041 0 |a slo 
044 |a SK 
245 1 0 |a S "vďakou" zabúdané dane...  |c Terézia Mäsiarová 
520 |a Podávanie priznaní k dani z dedičstva, z darovania a dani z prevodu a prechodu nehnuteľností. Spoločné ustanovenia a špecifiká jednotlivých daňových priznaní. Informovanosť daňových subjektov a úroveň vyplňovania daňových priznaní. 
610 2 0 |a Slovensko 
610 2 0 |a 1997 
610 2 0 |a dane z dedičstva 
610 2 0 |a dane z nehnuteľností 
610 2 0 |a priznania daňové 
100 1 |a Mäsiarová, Terézia